Sweetie : identita femminile nel video britannico : 16 marzo-16 aprile 1999 : Contemporary arts programme, The British school at Rome /

সংরক্ষণ করুন:
গ্রন্থ-পঞ্জীর বিবরন
অন্যান্য লেখক: Perrella, Cristiana, Sossai, Maria Rosa
বিন্যাস: গ্রন্থ
ভাষা:ইতালিয়
ইংরেজি
প্রকাশিত: Roma : Castelvecchi arte, stampa 1999
বিষয়গুলি:
ট্যাগগুলো: ট্যাগ যুক্ত করুন
কোনো ট্যাগ নেই, প্রথমজন হিসাবে ট্যাগ করুন!

MARC

LEADER 00000nam a22000007i 4500
001 IT\ICCU\REA\0047716
003 ItRI
005 20260115231940.0
008 991221s1999 it |||||| ||||| |||||c
020 |a 8882101428 
040 |b ita  |c importazione bologna sebina 
041 7 |a ita  |a eng  |2 ISO-639-2 
245 0 0 |a Sweetie :  |b identita femminile nel video britannico : 16 marzo-16 aprile 1999 : Contemporary arts programme, The British school at Rome /  |c a cura di Cristiana Perrella e Maria Rosa Sossai. 
260 |a Roma :  |b Castelvecchi arte,  |c stampa 1999 
300 |a 190 p. :  |b ill. ;  |c 19 cm 
500 |a Pubblicato in occasione della mostra tenutasi a Roma 
500 |a Testo anche in inglese. 
650 7 |a Donna nell'arte  |x Gran Bretagna  |x 1980-1998  |x Esposizioni  |x 1999  |2 scbi 
650 7 |a Video art  |x Gran Bretagna  |x 1980-1998  |x Esposizioni  |x 1999  |2 scbi 
700 1 |a Perrella, Cristiana  |0 IT\ICCU\BVEV\028250 
700 1 |a Sossai, Maria Rosa  |0 IT\ICCU\REAV\097230 
942 |2 ddc  |c BK  |n 0 
952 |0 0  |1 0  |4 0  |6 DOC_709_040000000000000_PER  |7 0  |9 17548  |a BO  |b BO  |d 2026-01-15  |i 15607  |l 0  |o DOC 709.04 PER  |p BO15607  |r 2026-01-15 23:19:40  |w 2026-01-15  |x [Sebina 5] [1 v.]  |y BK  |z 1 v. 
999 |c 14967  |d 14967